000 00533nam a2200193Ia 4500
005 20250508151303.0
008 008 250505s9999 xx 000 0 eng d
037 _aTextual
040 _aFEDL
_beng
_cFEDL
041 _aeng
_2eng
084 _a372, HEE
_qFEDL
100 _aHeffernan Helen Ed.
_9758786
245 0 _aGuiding the young child
260 _aBoston, USA
_bD C Heath and Company
_c1951
300 _ax,338p
650 _aElementary Education
942 _cTEXL
_h372, HEE
999 _c1328845
_d1328845